| 000 | 00731cam a22002172 4500 | ||
|---|---|---|---|
| 001 | 0000024010 | ||
| 005 | 20151217152254.0 | ||
| 008 | 130425s xx 000 0 eng d | ||
| 020 | _a0702022446 : | ||
| 040 |
_aKABU _cKABU |
||
| 100 | 1 |
_aKing, Debra. _@0000183849 |
|
| 245 | 1 | 0 |
_aRevision for the MRCP part 2 / _cDebra King.data interpretation, case histories and photographic cases. |
| 250 | _a1st ed. | ||
| 260 |
_aLondon : _bWB Saunders, _c1999. |
||
| 300 | _ax, 252 p. | ||
| 650 | 0 |
_aRadiography, Medical _xExaminations, questions, etc. _@0000183793 |
|
| 650 | 0 |
_aRadiography, Medical _xCase studies. _@0000183794 |
|
| 852 | 1 | _9p400 KES | |
| 908 | _a130425 | ||
| 950 | _@1 | ||
| 999 |
_c10122 _d10122 |
||